00405nam a2200145Ia 4500008004100000020001500041041000800056082001800064100003000082245005400112250000600166260004400172300001400216650002900230210716s2001 xx 000 0 und d a0198296185 aeng a658.3003 HEEE aHeery, Edmund;Noon, Mike. aOxford a dictionary of human resource management. a1 aNew YorkbOxford University Pressc2001 axxvii,449 aDictionaries & Thesaurus